| 000 | 00387nam a2200157Ia 4500 | ||
|---|---|---|---|
| 008 | 230917s9999||||xx |||||||||||||| ||und|| | ||
| 020 | _cRS0.6 | ||
| 040 |
_e32655 _aMAIN |
||
| 041 | _aEnglish | ||
| 082 | _a350.72 M778F | ||
| 100 | _aMookerjee, S S | ||
| 245 | 0 | _aFinancial administration in India | |
| 260 |
_aDelhi _bSurjeet publications _c1980 |
||
| 300 | _ax, 411 p. | ||
| 942 | _cBK | ||
| 999 |
_c63238 _d63238 |
||